000 00552cam a2200205 4500
001 J64009
008 000000n2001 000 0 eng u
035 _a(Sirsi) u111955
050 _a333.3309421
110 _aFPDSavills
_93625
245 _aCentral London residential development survey. - Spring 2001
260 _aLondon
_bFPDSavills
_c2001
300 _a8p. ; 30cm.
650 _aRESIDENTIAL PROPERTY
_96266
650 _aNEW BUILD
650 _aPLANNING
650 _aFORECASTS
690 _aPROPERTY-PROPERTY DEVELOPMENT
942 _n0
999 _c101321
_d101321